Derecho de familia y sistema de justicia civil : debates de actualidad /

Bibliographic Details
Other Authors: Otero Crespo, Marta, 1980- (Editor), Ammerman Yebra, Julia (Editor), Valiño Ces, Almudena (Editor), Alonso Salgado, Cristina (Editor), Ramos Hernández, Pablo (Editor), Rodríguez Álvarez, Ana (Editor)
Format: Electronic eBook
Language:Spanish
Published: Madrid : Dykinson, S.L., [2022]
Series:Dykinson eBook.
Subjects:
Online Access:Digitalia Hispánica

MARC

LEADER 00000nam a2200000 i 4500
001 DIGDYK2752
003 NyNyDIG
007 cr |||||||||||
008 230808s2022 sp ob 000 0 spa d
006 m o d
035 |a (OCoLC)1393997549 
040 |a DGITA  |b eng  |e rda  |e pn  |c DGITA 
020 |a 9788411227339 
043 |a e-sp--- 
050 1 4 |a KKT540 ebook 
245 0 0 |a Derecho de familia y sistema de justicia civil :  |b debates de actualidad /  |c directoras, Marta Otero Crespo, Julia Ammerman Yebra, Almudena Valiño Ces ; coordinadores, Cristina Alonso Salgado, Pablo Ramos Hernández, Ana Rodríguez Álvarez. 
264 1 |a Madrid :  |b Dykinson, S.L.,  |c [2022] 
300 |a 1 online resource. 
336 |a text  |b txt  |2 rdacontent 
337 |a computer  |b c  |2 rdamedia 
338 |a online resource  |b cr  |2 rdacarrier 
347 |a text file  |2 rdaft 
347 |b PDF 
490 1 |a Dykinson eBook 
504 |a Includes bibliographical references. 
588 0 |a Online resource; title from PDF title page (Digitalia, viewed August 8, 2023) 
650 0 |a Domestic relations  |z Spain. 
700 1 |a Otero Crespo, Marta,  |d 1980-  |e editor. 
700 1 |a Ammerman Yebra, Julia,  |e editor. 
700 1 |a Valiño Ces, Almudena,  |e editor. 
700 1 |a Alonso Salgado, Cristina,  |e editor. 
700 1 |a Ramos Hernández, Pablo,  |e editor. 
700 1 |a Rodríguez Álvarez, Ana,  |e editor. 
791 2 |a Digitalia (Firm),  |e distributor. 
793 0 |g Digitalia eBook Collection:  |a Dykinson Editorial 
830 0 |a Dykinson eBook. 
856 4 0 |3 Digitalia Hispánica  |u https://www.digitaliapublishing.com/a/128972/ 
910 |a Premium collection: 2023